00903nam a2200217Ia 4500001000600000003000500006008004100011010001100052040000900063100003600072245015400108260003300262300001000295502017400305650003000479650003500509650002600544700003900570700003800609700003800647Z_569CHAP220113s1983 xx 000 0 und d a163679 cCHAP aOchoa Palacios, Jorge Joaquín aPatrones de fermentación y rendimiento en canal de borregos alimentados con rastrojo de maíz tratado con NaOH /c Jorge Joaquín Ochoa Palacios aMéxico :bEl autor,c1983 a80 h. aTesis (Ingeniero Agrónomo Especialista en Zootecnia) -- UACh, 1983 \ Dirección: Maximino Huerta Bravo; asesoría: Ruy Orcasberro Gómez y Mora Vital, Ma. Guadalupe aCarne de borrego en canal aGanado lanarxAlimentación\  aMaíz como forraje\  a Mora Vital, Ma. Guadalupe, asesor a Orcasberro Gómez, Ruy, asesor  aHuerta Bravo, Maximino, director